| 000 | 00982nam a2200253Ia 4500 | ||
|---|---|---|---|
| 001 | 16168 | ||
| 003 | GE_BSU | ||
| 008 | 181216s||||||||xx |||||||||||||| ||und|| | ||
| 020 | _a9789941462023 | ||
| 040 | _cGE_BSU | ||
| 080 | _a631.3 | ||
| 100 | _aმარგალიტაძე,რ. ფუტკრაძე,ზ. | ||
| 245 | _aსასოფლო-სამეურნეო მანქანა-იარაღები. სალექციო კურსი | ||
| 245 | _cრედ.ე.შაფაქიძე | ||
| 260 | _aბათუმი | ||
| 260 | _bბსუ | ||
| 260 | _c2015 | ||
| 300 | _a290გვ.30სმ. | ||
| 300 | _eბიბლიოგრ.გვ.288 | ||
| 541 | _h13ლ.53თ. | ||
| 653 | _aსასოფლო-სამეურნეო მანქანა-იარაღები. | ||
| 653 | _aსასოფლო-სამეურნეო მანქანები და დანადგარები | ||
| 942 | _cBK | ||
| 999 |
_c49254 _d49254 |
||